000 01213nac a22003251i 4500
003 EG-ScBUE
005 20260105101008.0
008 260105t2007 maua g 001 0 eng d
020 _a9780072828474
020 _a0072828471
040 _aEG-ScBUE
_beng
_erda
_cEG-ScBUE
_dEG-ScBUE
082 0 0 _a547
_bDEN
_222
100 1 _aDenniston, K. J.,
_eauthor.
245 1 0 _aGeneral, organic, and biochemistry /
_cKatherine J. Denniston, Towson University, Joseph J. Topping, Towson University Robert L. Caret, Towson University.
250 _aFifth edition.
264 1 _aBoston :
_bMcGraw-Hill Higher Education,
_c[2007]
264 4 _cc2007
300 _a1 volume (various pagings) :
_billustrations (some color) ;
_c29 cm
336 _2rdacontent
_atext
_btxt
337 _aunmediated
_2rdamedia
_bn
338 _avolume
_bnc
_2rdacarrier
500 _aIncludes index.
650 7 _aChemistry, Organic
_vTextbooks.
_2BUEsh
650 7 _aBiochemistry
_vTextbooks.
_2BUEsh
655 _vReading book
700 1 _aTopping, Joseph J.,
_eauthor.
700 1 _aCaret, Robert L.,
_d1947-
_eauthor.
856 4 1 _3Table of contents
_uhttp://www.loc.gov/catdir/toc/ecip0515/2005018776.html
942 _cBB
_2ddc
999 _c1923
_d1923